| 000 | 00810nam a2200301 a 4500 | ||
|---|---|---|---|
| 001 | 30714 | ||
| 003 | AR-BaAGN | ||
| 005 | 20231116150446.0 | ||
| 007 | ta | ||
| 008 | 220625s1977 ag |||||r|||| ||||||spa d | ||
| 040 |
_dAR-BaAGN _aAR-BaAGN _bspa _eaacr |
||
| 100 | 1 | _aRomero Carranza, Ambrosio | |
| 245 | 1 | 0 |
_aManual de historia política y constitucional argentina : _b1776-1976 |
| 250 | _a1ª ed. | ||
| 260 |
_aBuenos Aires : _bA-Z, _c1977. |
||
| 300 | _a432 páginas | ||
| 336 |
_2rdacontent _btxt |
||
| 337 |
_2rdamedia _bn |
||
| 338 |
_2rdacarrier _bnc |
||
| 650 | 4 |
_aHISTORIA CONSTITUCIONAL _91012 |
|
| 650 | 4 |
_aPOLÍTICA _92164 |
|
| 651 | 4 |
_aArgentina _93645 |
|
| 700 | 1 | _aRodríguez Varela, Alberto | |
| 700 | 1 | _aVentura, Eduardo | |
| 942 | _cLIBRO | ||
| 999 |
_c30714 _d30714 |
||